000 00520nam a2200217Ia 4500
003 0100
008 130303s9999 xx 000 0 und d
040 _cARRUPELIB
050 _aDG552.M23 2002
100 _aMorrogh, Michael
245 4 _aThe unification of Italy
250 _a2nd ed.
260 _aNew York
260 _bPalgrave Macmillan
260 _C2002
300 _a111p.
300 _b 22cm.
440 _aDocuments and debates
650 _bMyth--Addresses, essays, lectures
942 _2lcc
_02
999 _c59644
_d59644